[Event "Charlotte Open 2020"]
[Site "Charlotte"]
[Date "2020.01.05"]
[Round "8.19"]
[White "Martinez, Isaac"]
[Black "Polgar-Shutzman, Tom"]
[Result "0-1"]
[WhiteElo "2079"]
[BlackElo "2233"]
[Annotator "ChessBase"]
[PlyCount "98"]
[EventDate "2020.01.02"]
[EventType "swiss"]
[EventCountry "USA"]
[SourceTitle "playchess.com"]
[Source "ChessBase"]
[SourceQuality "1"]
[TimeControl "6000+30"]

1. Nf3 {[%emt 1:40:30]} Nf6 {[%emt 1:40:30]} 2. e3 {[%emt 0:00:30]} g6 {[%emt 0:00:30]} 3. b3 {[%emt 0:00:30]} Bg7 {[%emt 0:00:30]} 4. Bb2 {[%emt 0:00:30]} O-O {[%emt 0:00:30]} 5. d4 {[%emt 0:00:30]} d6 {[%emt 0:00:30]} 6. Bd3 {[%emt 0:00:30]} Nbd7 {[%emt 0:00:30]} 7. c4 {[%emt 0:00:30]} e5 {[%emt 0:00:30]} 8. Nc3 {[%emt 0:00:30]} Re8 {[%emt 0:00:30]} 9. Bc2 {[%emt 0:00:30]} exd4 {[%emt 0:00:30]} 10. Nxd4 {[%emt 0:00:30]} Ne5 {[%emt 0:00:30]} 11. O-O {[%emt 0:00:30]} d5 {[%emt 0:00:30]} 12. c5 {[%emt 0:00:30]} Bf8 {[%emt 0:00:30]} 13. b4 {[%emt 0:00:30]} Nc4 {[%emt 0:00:30]} 14. Rb1 {[%emt 0:00:30]} c6 {[%emt 0:00:30]} 15. Bd3 {[%emt 0:00:30]} Nxb2 {[%emt 0:00:30]} 16. Rxb2 {[%emt 0:00:30]} Qc7 {[%emt 0:00:30]} 17. h3 {[%emt 0:00:30]} Bd7 {[%emt 0:00:30]} 18. Qc2 {[%emt 0:00:30]} a5 {[%emt 0:00:30]} 19. a3 {[%emt 0:00:30]} axb4 {[%emt 0:00:30]} 20. axb4 {[%emt 0:00:30]} Bh6 {[%emt 0:00:30]} 21. Re1 {[%emt 0:00:30]} b5 {[%emt 0:00:30]} 22. cxb6 {[%emt 0:00:30]} Qxb6 {[%emt 0:00:30]} 23. Bf1 {[%emt 0:00:30]} Qxd4 {[%emt 0:00:30]} 24. exd4 {[%emt 0:00:30]} Rxe1 {[%emt 0:00:30]} 25. g4 {[%emt 0:00:30]} Nxg4 {[%emt 0:00:30]} 26. hxg4 {[%emt 0:00:30]} Bxg4 {[%emt 0:00:30]} 27. Kg2 {[%emt 0:00:30]} Ra3 {[%emt 0:00:30]} 28. f4 {[%emt 0:00:30]} Bxf4 {[%emt 0:00:30]} 29. Qf2 {[%emt 0:00:30]} Bh3+ {[%emt 0:00:30]} 30. Kxh3 {[%emt 0:00:30]} Rxc3+ {[%emt 0:00:30]} 31. Kg2 {[%emt 0:00:30]} Rg3+ {[%emt 0:00:30]} 32. Kh1 {[%emt 0:00:30]} Rh3+ {[%emt 0:00:30]} 33. Kg2 {[%emt 0:00:30]} Rh2+ {[%emt 0:00:30]} 34. Kf3 {[%emt 0:00:30]} Rxf2+ {[%emt 0:00:30]} 35. Kxf2 {[%emt 0:00:30]} Rd1 {[%emt 0:00:30]} 36. b5 {[%emt 0:00:30]} cxb5 {[%emt 0:00:30]} 37. Rxb5 {[%emt 0:00:30]} Rxd4 {[%emt 0:00:30]} 38. Bg2 {[%emt 0:00:30]} Rd2+ {[%emt 0:00:30]} 39. Kf1 {[%emt 0:00:30]} d4 {[%emt 0:00:30]} 40. Bd5 {[%emt 0:00:30]} Be3 {[%emt 0:00:30]} 41. Rb8+ {[%emt 0:00:30]} Kg7 {[%emt 0:00:30]} 42. Re8 {[%emt 0:00:30]} Rf2+ {[%emt 0:00:30]} 43. Ke1 {[%emt 0:00:30]} h5 {[%emt 0:00:30]} 44. Re4 {[%emt 0:00:30]} g5 {[%emt 0:00:30]} 45. Bc6 {[%emt 0:00:30]} Rf6 {[%emt 0:00:30]} 46. Bd7 {[%emt 0:00:30]} Rd6 {[%emt 0:00:30]} 47. Bc8 {[%emt 0:00:30]} Bf4 {[%emt 0:00:30]} 48. Kd1 {[%emt 0:00:30]} d3 {[%emt 0:00:30]} 49. Ra4 {[%emt 0:00:30]} Rc6 {[%emt 0:00:30]} 0-1

[Event "Charlotte Open 2020"]
[Site "Charlotte"]
[Date "2020.01.05"]
[Round "8.20"]
[White "Beradze, Irakli"]
[Black "Venkat, Raghav"]
[Result "1-0"]
[WhiteElo "2487"]
[BlackElo "2141"]
[Annotator "ChessBase"]
[PlyCount "77"]
[EventDate "2020.01.02"]
[EventType "swiss"]
[EventCountry "USA"]
[SourceTitle "playchess.com"]
[Source "ChessBase"]
[SourceQuality "1"]
[TimeControl "6000+30"]

1. e4 {[%emt 1:40:30]} c5 {[%emt 1:40:30]} 2. Nf3 {[%emt 0:00:30]} d6 {[%emt 0:00:30]} 3. d4 {[%emt 0:00:30]} cxd4 {[%emt 0:00:30]} 4. Qxd4 {[%emt 0:00:30]} Nc6 {[%emt 0:00:30]} 5. Bb5 {[%emt 0:00:30]} Bd7 {[%emt 0:00:30]} 6. Bxc6 {[%emt 0:00:30]} Bxc6 {[%emt 0:00:30]} 7. Nc3 {[%emt 0:00:30]} e5 {[%emt 0:00:30]} 8. Qd3 {[%emt 0:00:30]} Be7 {[%emt 0:00:30]} 9. O-O {[%emt 0:00:30]} Nf6 {[%emt 0:00:30]} 10. Bg5 {[%emt 0:00:30]} O-O {[%emt 0:00:30]} 11. Rad1 {[%emt 0:00:30]} Ne8 {[%emt 0:00:30]} 12. Bxe7 {[%emt 0:00:30]} Qxe7 {[%emt 0:00:30]} 13. Nd2 Rd8 {[%emt 0:00:30]} 14. Nc4 {[%emt 0:01:00]} Qg5 {[%emt 0:00:30]} 15. Rfe1 {[%emt 0:00:30]} Kh8 {[%emt 0:00:30]} 16. a4 {[%emt 0:00:30]} Rd7 {[%emt 0:00:30]} 17. Qe3 {[%emt 0:00:30]} Qg6 {[%emt 0:00:30]} 18. Qxa7 {[%emt 0:00:30]} f5 {[%emt 0:00:30]} 19. Qe3 {[%emt 0:00:30]} Rdf7 {[%emt 0:00:30]} 20. Qg3 {[%emt 0:00:30]} Qe6 {[%emt 0:00:30]} 21. Nd2 {[%emt 0:00:30]} Nf6 {[%emt 0:00:30]} 22. Qh3 {[%emt 0:00:30]} Ng4 {[%emt 0:00:30]} 23. exf5 {[%emt 0:00:30]} Qxf5 {[%emt 0:00:30]} 24. f3 {[%emt 0:00:30]} Nh6 {[%emt 0:00:30]} 25. Qxf5 {[%emt 0:00:30]} Nxf5 {[%emt 0:00:30]} 26. Nc4 {[%emt 0:00:30]} Rf6 {[%emt 0:00:30]} 27. Ne4 {[%emt 0:00:30]} Rg6 {[%emt 0:00:30]} 28. Ng3 {[%emt 0:00:30]} Nxg3 {[%emt 0:00:30]} 29. hxg3 {[%emt 0:00:30]} Bxf3 {[%emt 0:00:30]} 30. gxf3 {[%emt 0:00:30]} Rxg3+ {[%emt 0:00:30]} 31. Kh2 {[%emt 0:00:30]} Rfxf3 {[%emt 0:00:30]} 32. Re2 {[%emt 0:00:30]} h6 {[%emt 0:00:30]} 33. Nxd6 {[%emt 0:00:30]} Rg5 {[%emt 0:00:30]} 34. Rd3 {[%emt 0:00:30]} Rf4 {[%emt 0:00:30]} 35. b3 {[%emt 0:00:30]} Kh7 {[%emt 0:00:30]} 36. Nxb7 {[%emt 0:00:30]} e4 {[%emt 0:00:30]} 37. Rg3 {[%emt 0:00:30]} Re5 {[%emt 0:00:30]} 38. Nd6 {[%emt 0:00:30]} g5 {[%emt 0:00:30]} 39. Rge3 {[%emt 0:00:30]} 1-0

[Event "Charlotte Open 2020"]
[Site "Charlotte"]
[Date "2020.01.06"]
[Round "9.1"]
[White "Jacobson, Brandon"]
[Black "Tang, Andrew"]
[Result "1/2-1/2"]
[WhiteElo "2472"]
[BlackElo "2511"]
[Annotator "TA"]
[PlyCount "61"]
[EventDate "2020.01.02"]
[EventType "swiss"]
[EventCountry "USA"]
[SourceTitle "playchess.com"]
[Source "ChessBase"]
[SourceQuality "1"]

{[%evp 17,61,0,0,0,28,7,14,10,25,0,19,14,14,0,22,12,14,24,18,8,9,0,0,-10,-10,-10,-5,-13,-14,-22,-14,-10,0,-1,0,-6,0,0,0,-6,16,16,38,36,35,0]} 1. d4 d5 2. c4 e6 3. Nf3 Nf6 4. g3 dxc4 5. Bg2 Nc6 {[%cal Bb8c6,Bc6a5,Ba5c4][%mdl 32]} 6. Qa4 Bd7 7. Qxc4 Na5 8. Qc2 Rc8 9. O-O c5 $1 10. Nc3 {E04: Open Catalan: 5 Nf3} (10. Qd1 Bc6 11. dxc5 Qxd1 12. Rxd1 Bxc5 13. b3 Bxf3 14. Bxf3 Bd4 15. Rxd4 Rxc1+ 16. Kg2 O-O 17. Ra4 Nc6 {0-1 (25) Guramishvili,S (2421)-Zhao,X (2553) Kazan 2013}) 10... b5 {[#] And now ...cxd4 would win.} 11. dxc5 Bxc5 12. a3 {The position is equal.} Nc4 13. Bg5 h6 14. Bxf6 $1 Qxf6 15. Rad1 $146 ({Predecessor:} 15. Rac1 Qe7 {0-1 (46) Bolzoni,V (2270)-Plachetka,J (2450) Paris 1989}) 15... Qe7 16. Nd2 O-O 17. Nxc4 bxc4 18. Ne4 Bb6 19. Nd6 Rc7 20. Nxc4 Bb5 21. b3 Rfc8 {[%cal Rb5c4]} 22. Rc1 Bxc4 23. bxc4 Qxa3 24. Be4 h5 25. Bh7+ Kf8 26. Bd3 Bd4 27. Rb1 g6 28. Qd2 Kg7 29. Bxg6 Bc3 30. Qc2 {aiming for Bxf7!} Rxc4 ({But not} 30... fxg6 31. Rb3 $16) 31. Bxh5 {Accuracy: White = 54%, Black = 46%.} 1/2-1/2

[Event "Charlotte Open 2020"]
[Site "Charlotte"]
[Date "2020.01.05"]
[Round "9.3"]
[White "Karthik Venkataraman"]
[Black "Lenderman, Aleksandr"]
[Result "1/2-1/2"]
[WhiteElo "2470"]
[BlackElo "2638"]
[Annotator "TA"]
[PlyCount "66"]
[EventDate "2020.01.02"]
[EventType "swiss"]
[EventCountry "USA"]
[SourceTitle "playchess.com"]
[Source "ChessBase"]
[SourceQuality "1"]

{[%evp 9,66,0,-1,-30,22,16,33,9,14,0,1,7,4,-6,0,0,4,0,10,0,16,0,0,0,0,0,0,-9,5,9,25,2,4,0,0,0,0,0,68,59,44,29,18,7,9,9,21,0,0,0,0,0,0,0,0,0,0,0,0]} 1. Nf3 Nf6 2. g3 b5 3. Bg2 Bb7 4. O-O e6 5. Na3 {[%cal Bb1a3,Ba3c2,Bc2d4][%mdl 32]} (5. d3 Be7 6. e4 d6 7. Nfd2 e5 8. a4 a6 9. Nc3 c6 10. f4 Nbd7 11. Nf3 O-O 12. h3 Qc7 13. g4 Ne8 14. Ne2 exf4 15. Bxf4 {0-1 (45) Grischuk,A (2771)-Maghsoodloo,P (2688) St Petersburg 2018}) 5... a6 6. c4 {A05: Réti Opening: 1 Nf3 Nf6} b4 ({Better is} 6... Bxa3 $1 7. bxa3 bxc4) 7. Nc2 $11 c5 8. b3 {White is slightly better.} Be7 9. Bb2 O-O 10. d4 cxd4 11. Ncxd4 Qc7 12. Qd3 Be4 13. Qe3 Qb7 $146 ({Inferior is} 13... e5 {[#]} 14. Nxe5 $1 {[%mdl 512]} Qxe5 15. Nc6 $1 $18 {[%mdl 512]}) ({Predecessor:} 13... Nc6 14. Rad1 Nxd4 15. Nxd4 Bxg2 16. Kxg2 {1-0 (31) Belous,V (2283)-Lavrik,D (2427) Vladimir 2007}) 14. Rfd1 Nc6 ({Wrong is} 14... e5 $2 15. Nxe5 Bc5 16. Nd3 $18) 15. Rac1 Nxd4 16. Bxd4 a5 17. Ne1 {Threatens to win with Bxf6.} Bxg2 18. Nxg2 a4 19. Nf4 axb3 20. axb3 Rfc8 21. Bxf6 Bxf6 22. Nh5 Bb2 23. Rc2 Ra1 (23... Bc3 $11) 24. Rxa1 $14 Bxa1 25. Ra2 Bc3 26. Ra7 {The position is equal.} Qc6 27. Nf4 g6 28. Nd3 Ra8 29. Ne5 Bxe5 $1 30. Rxa8+ Qxa8 31. Qxe5 Qa3 32. Qb8+ Kg7 33. Qe5+ Kg8 {Accuracy: White = 54%, Black = 59%.} 1/2-1/2

[Event "Charlotte Open 2020"]
[Site "Charlotte"]
[Date "2020.01.05"]
[Round "9.4"]
[White "Chandra, Akshat"]
[Black "Escalante Ramirez, Brian Sebasti"]
[Result "1-0"]
[WhiteElo "2524"]
[BlackElo "2421"]
[Annotator "TA"]
[PlyCount "55"]
[EventDate "2020.01.02"]
[EventType "swiss"]
[EventCountry "USA"]
[SourceTitle "playchess.com"]
[Source "ChessBase"]
[SourceQuality "1"]

{[%evp 11,55,9,11,19,31,7,19,-10,-26,-22,-21,-18,37,34,41,28,42,45,47,43,59,55,69,77,101,106,290,302,287,293,295,287,543,288,278,283,318,314,314,277,318,300,368,365,656,546]} 1. Nf3 Nf6 2. g3 g6 3. b3 Bg7 4. Bb2 d6 5. d4 O-O 6. Bg2 a5 {[%cal Ba7a5,Ba5a4][%mdl 32]} 7. c4 {A49: 1 d4 Nf6 2 Nf3 g6 3 g3: Anti-King's Indian systems} (7. O-O a4 8. b4 b5 9. Na3 c6 10. c4 bxc4 11. Nxc4 Nd5 12. a3 Nb6 13. Na5 Ba6 14. Rc1 Bb5 15. Re1 {1-0 (46) Pantsulaia,L (2612)-Vachier Lagrave,M (2789) Riadh 2017}) 7... a4 8. b4 c5 9. a3 {The position is equal.} Qb6 10. dxc5 dxc5 11. b5 Ne4 $146 (11... Nc6 $11) ({Predecessor:} 11... Nc6 12. O-O Rd8 13. Nfd2 {1-0 (33) Pantsulaia,L (2589)-Nedev,T (2496) Batumi 2018}) 12. Bxg7 $14 Kxg7 13. Nbd2 Qa5 14. Qc2 $36 {[%mdl 2048] White has the initiative.} Nd6 15. O-O f6 16. Ne4 Bf5 17. Nh4 Bxe4 18. Bxe4 Nd7 $2 {[#]} (18... Nxe4 $16 19. Qxe4 {[%mdl 64] Double Attack} Qc7) 19. Bxg6 $1 $18 {[%mdl 512]} hxg6 20. Qxg6+ Kh8 21. Qh5+ Kg7 $2 (21... Kg8 {was necessary.} 22. Qg4+ {[%mdl 64] Double Attack} Kf7) 22. Qg4+ {[%mdl 64] Double Attack} Kf7 {And now ...Ne5 would win.} 23. Qxd7 Rh8 24. Nf5 Nxf5 25. Qxf5 Qc7 26. Rad1 e6 27. Qf3 Rh6 $2 {[#]} (27... Rad8 28. h4 Qe7) 28. b6 $1 {Accuracy: White = 60%, Black = 41%.} 1-0

[Event "Charlotte Open 2020"]
[Site "Charlotte"]
[Date "2020.01.05"]
[Round "9.5"]
[White "Grabinsky, Aaron"]
[Black "Iotov, Valentin"]
[Result "1-0"]
[WhiteElo "2363"]
[BlackElo "2516"]
[Annotator "TA"]
[PlyCount "53"]
[EventDate "2020.01.02"]
[EventType "swiss"]
[EventCountry "USA"]
[SourceTitle "playchess.com"]
[Source "ChessBase"]
[SourceQuality "1"]

{[%evp 15,53,0,2,-14,2,-6,-5,-5,51,47,132,124,145,138,199,191,208,195,276,279,258,225,233,224,220,221,307,306,246,285,285,284,284,256,431,406,417,392,404,344]} 1. d4 d5 2. Bf4 Nf6 3. e3 e6 4. Nd2 Bd6 5. Bg3 O-O 6. Bd3 c5 7. c3 Nc6 8. Ngf3 b6 9. Qe2 {D02: 1 d4 d5 2 Nf3 sidelines, including 2...Nf6 3 g3 and 2...Nf6 3 Bf4} h6 $146 (9... Bb7 10. Rd1 Re8 11. e4 Be7 12. e5 Nh5 13. a3 g6 14. Nf1 f5 15. exf6 Bxf6 16. Bb5 a6 17. Bxc6 Bxc6 {1-0 (34) Nihal,S (2598)-Sevian,S (2666) chess.com INT 2019}) 10. Rd1 Bxg3 11. hxg3 {The position is equal.} Bb7 (11... Qc7 $11) 12. Ne5 $14 Nxe5 (12... cxd4 $14 13. Nxc6 Bxc6) 13. dxe5 $16 Nd7 {[#]} 14. f4 $1 f5 (14... f6 $16 {was called for.}) 15. g4 $18 c4 16. Bb1 Qe7 (16... Qe8 $142 17. gxf5 exf5) 17. Nf3 Nc5 ({Much weaker is} 17... fxg4 $6 18. Nd4 $18) 18. gxf5 exf5 19. Nd4 Bc8 20. Rh5 Be6 21. Nxf5 Rxf5 22. Bxf5 Bxf5 23. Rxf5 Qh4+ 24. Qf2 Nd3+ $2 {[#]} (24... Qxf2+ 25. Kxf2 Ne4+ 26. Kf3 g6) 25. Rxd3 $1 Qh1+ (25... cxd3 26. Qxh4) 26. Qf1 Qh4+ 27. Kd2 {Accuracy: White = 76%, Black = 40%.} 1-0

[Event "Charlotte Open 2020"]
[Site "Charlotte"]
[Date "2020.01.05"]
[Round "9.6"]
[White "Ringoir, Tanguy"]
[Black "Mulyar, Michael"]
[Result "1-0"]
[WhiteElo "2501"]
[BlackElo "2380"]
[Annotator "TA"]
[PlyCount "57"]
[EventDate "2020.01.02"]
[EventType "swiss"]
[EventCountry "USA"]
[SourceTitle "playchess.com"]
[Source "ChessBase"]
[SourceQuality "1"]

{[%evp 13,57,16,16,17,20,2,19,-2,17,16,24,17,35,29,34,20,45,41,41,41,41,34,42,33,44,45,43,41,47,39,48,50,68,80,71,72,70,77,75,87,88,86,135,137,744,713]} 1. d4 d5 2. c4 c6 3. cxd5 cxd5 4. Bf4 Nf6 5. Nc3 Nc6 6. e3 Bf5 7. Qb3 Na5 8. Qa4+ {D10: Slav Defence: 3 cxd5 (without early Nf3) and 3 Nc3} Bd7 9. Qd1 e6 10. Nf3 {The position is equal.} Be7 11. Ne5 O-O 12. Bd3 a6 $146 ({Predecessor:} 12... Be8 13. O-O Nd7 14. Nxd7 Qxd7 {½-½ (68) Nigalidze,G (2527)-Dreev,A (2679) Yerevan 2014}) 13. O-O b5 14. a4 {[%cal Ra4b5]} Nc4 15. Qe2 b4 16. Nb1 {[%cal Bc3b1,Bb1d2,Bd2b3][%mdl 32]} Nxe5 17. Bxe5 a5 18. Nd2 Qb6 19. Rfc1 Rfc8 20. Rxc8+ Rxc8 21. Nb3 Bc6 22. Rc1 Bd7 {With the idea ...Rxc1+.} 23. Rxc8+ Bxc8 24. Bxf6 Bxf6 {[#]} 25. Bxh7+ $1 {[%mdl 512]} Kf8 (25... Kxh7 26. Qc2+) 26. Bd3 Bd7 27. Nc5 Be8 {[#]} 28. Bb5 $1 Be7 $2 {[%mdl 8192] [#]} (28... Bc6 $16 29. g3 Be7) 29. Qh5 $1 {Accuracy: White = 93%, Black = 29%.} 1-0

[Event "Charlotte Open 2020"]
[Site "Charlotte"]
[Date "2020.01.06"]
[Round "9.7"]
[White "Wheeler, Cameron"]
[Black "Brodsky, David"]
[Result "1-0"]
[WhiteElo "2383"]
[BlackElo "2466"]
[Annotator "TA"]
[PlyCount "119"]
[EventDate "2020.01.02"]
[EventType "swiss"]
[EventCountry "USA"]
[SourceTitle "playchess.com"]
[Source "ChessBase"]
[SourceQuality "1"]

{[%evp 24,119,-37,-42,-43,-50,-49,-35,-45,-68,-10,-10,-11,-56,0,-54,-34,-44,-12,-19,0,-19,-19,-159,-178,-168,-164,-215,-191,-185,-212,-206,-174,-183,-175,-243,-170,-158,-162,-196,-179,-196,-165,-175,-164,-184,-176,-234,-266,-275,-117,-141,0,0,0,0,0,0,0,0,0,-54,-18,-67,0,0,13,0,0,0,53,20,61,0,55,55,55,0,0,0,420,406,236,232,489,539,930,912,29981,29982,29981,29982,29985,29986,29986,29987,29977,6215]} 1. d4 Nf6 2. g3 d5 3. c4 c6 4. Nf3 dxc4 5. Bg2 e6 6. O-O b5 7. Ne5 Bb7 8. Nc3 Nd5 9. a4 a6 10. e4 Nxc3 11. bxc3 Nd7 12. Ng4 Be7 13. f4 O-O {E04: Open Catalan: 5 Nf3} 14. f5 (14. e5 f5 15. exf6 Nxf6 16. Qe2 Qc8 17. Nxf6+ Bxf6 18. Ba3 c5 19. Bxc5 Re8 20. Bxb7 Qxb7 21. Qg2 {½-½ (62) Miton,K (2588)-Tomashevsky,E (2705) St Petersburg 2018}) 14... exf5 15. Rxf5 f6 {Black is slightly better.} 16. Rf1 $146 ({Predecessor:} 16. Nh6+ gxh6 17. Bxh6 Kh8 18. Bxf8 Nxf8 19. e5 fxe5 20. Be4 Bc8 21. Rxe5 {0-1 (32) Di Caro,C (2340)-Palac,M (2584) Porto San Giorgio 2006}) 16... Nb6 (16... c5 $15 17. d5 Bd6) 17. a5 $11 Na4 18. Bd2 (18. Rxa4 $5 bxa4 19. Qxa4 $11) 18... Qxa5 ({Black should play} 18... c5 $15 19. d5 Nb2) 19. Ne3 (19. e5 $11) 19... Qc7 20. Nxc4 $1 Rad8 21. Bf4 Qd7 22. Na5 Ba8 23. Qf3 (23. Rxa4 $1 $11 {remains equal.} bxa4 24. Qxa4) 23... c5 $17 24. d5 c4 25. g4 (25. Kh1 $142) 25... Bc5+ 26. Kh1 Bb6 27. Rxa4 bxa4 28. Nxc4 Bc7 29. Bc1 (29. Ra1 {was worth a try.}) 29... Rb8 30. Ba3 Rf7 31. Bh3 {Threatening g5!} g5 32. Ra1 Bf4 33. Bf1 Bb7 34. Nb6 Qe8 35. Bc5 (35. c4 $142) 35... Bc8 $1 $19 36. Bg1 Bd7 (36... Rfb7 $1 $19 {[%cal Rb7b6] is more deadly.} 37. Nxc8 Rxc8) 37. c4 $17 {[%cal Bc3c4,Bc4c5,Bc5c6][%mdl 32] [#]} Bc7 ({Black should try} 37... Rxb6 $1 $17 {[%mdl 512]} 38. Bxb6 Bxh2) 38. Nxd7 $11 Qxd7 39. c5 Be5 40. c6 Qc7 41. Rxa4 a5 42. Bc4 (42. Ra2 $11) 42... Kg7 (42... Rb1 $5 {[%cal Re5h2]} 43. Bd3 Rb2 $11) 43. Qd3 Bd6 (43... Rb2 $15) 44. Ra2 Re7 45. Bd4 h6 46. Bc3 Ra8 (46... Ree8 $11) 47. Rf2 Rf8 48. Ba2 (48. Bb3 $14) 48... Be5 (48... Ree8 $1 $11) 49. Bxe5 $1 $14 Rxe5 50. Rb2 (50. Rc2 $1 $14 Rd8 51. Bb1) 50... Qd6 $11 51. Rb7+ Kh8 $2 {[%mdl 8192]} (51... Rf7 $11 {and Black has nothing to worry.} 52. Rxf7+ Kxf7) 52. Qh3 $18 f5 53. c7 fxg4 $2 {[#]} (53... fxe4 54. Rb8 Kg7) 54. Qc3 $1 {[%mdl 512]} Qf6 {[%cal Rf6f1]} 55. Bc4 Qf3+ 56. Qxf3 {White mates.} gxf3 {[#]} 57. Rb8 $1 {[%mdl 512]} Ree8 58. Rxe8 Rxe8 59. d6 Kg7 60. Kg1 {Accuracy: White = 50%, Black = 44%.} 1-0

[Event "Charlotte Open 2020"]
[Site "Charlotte"]
[Date "2020.01.06"]
[Round "9.8"]
[White "Korley, Kassa"]
[Black "Narva, Mai"]
[Result "1-0"]
[WhiteElo "2432"]
[BlackElo "2321"]
[Annotator "TA"]
[PlyCount "91"]
[EventDate "2020.01.02"]
[EventType "swiss"]
[EventCountry "USA"]
[SourceTitle "playchess.com"]
[Source "ChessBase"]
[SourceQuality "1"]

{[%evp 25,91,-8,11,0,0,-12,0,-17,0,-5,6,6,8,6,19,0,21,19,54,-20,-5,-60,-57,-96,-26,-43,0,0,0,0,0,0,9,0,13,18,35,26,17,13,15,16,76,72,73,73,195,193,195,191,193,193,219,217,217,218,218,217,217,217,217,213,213,212,381,358,29994,29995]} 1. d4 Nf6 2. Nf3 d5 3. c4 e6 4. Nc3 Be7 5. Bg5 O-O 6. e3 Nbd7 7. Rc1 b6 8. cxd5 exd5 9. Bd3 c5 10. O-O Bb7 11. a3 h6 12. Bh4 Ne4 13. Bxe7 Qxe7 14. dxc5 {E12: Queen's Indian: Unusual White 4th moves, 4 a3, 4 Nc3 Bb7 5 a3 and 4 Nc3 Bb7} bxc5 15. Bb1 Nxc3 (15... Nef6 16. Nh4 Rfb8 17. Nf5 Qe6 18. e4 d4 19. Nd5 Nxd5 20. exd5 Qf6 21. Re1 Re8 {1-0 (32) Smirnov,P (2599)-Khismatullin,D (2639) Vladivostok 2012}) 16. Rxc3 {The position is equal.} Rac8 17. Qa4 $146 ({Predecessor:} 17. Bf5 Rc7 18. Bxd7 Rxd7 19. Qa4 d4 20. exd4 cxd4 21. Rd3 Rfd8 22. Re1 {0-1 (41) Stajcic,N (2325)-Galdunts,S (2450) Pardubice 1995}) 17... a6 18. Bf5 Nb6 19. Qc2 Rc6 20. Nd4 Rc7 21. Rc1 {[%cal Rc3c5]} Nc4 22. Nf3 (22. Nb3 $1 $14) 22... Nd6 $11 23. Bh3 (23. Bh7+ $11 Kh8 24. Bd3) 23... Ne4 $15 24. Rd3 {[#]} a5 (24... Qf6 $1 $17) 25. Rdd1 Ra8 26. Bf5 Nd6 27. Bh7+ Kh8 28. Bd3 a4 29. Bf1 Qe6 30. Nd4 Qf6 31. Ne2 Rcc8 32. Qc3 {aiming for Qxf6.} Qg5 33. Ng3 h5 {[#]} (33... Nf5 $11) 34. h4 $1 $36 {[%cal Rh4g5][%mdl 2560] White is in control.} Qxh4 35. Qe5 Ne4 (35... Ne8 $16) 36. Nxe4 $18 Qxe4 37. Qxh5+ {[%mdl 64] Double Attack} Kg8 38. Bd3 Qe8 39. Qh7+ Kf8 {intending ...Qe5.} 40. Qh8+ Ke7 41. Qxg7 {Strongly threatening Qe5+.} Qc6 42. Bf5 Rg8 43. Qe5+ Kf8 44. e4 Qh6 $2 (44... Re8 45. Qxd5 Qxd5 46. exd5 Re5) 45. Rc3 Qh5 $2 (45... Qb6 $18 46. exd5 Re8) 46. Qd6+ {[%mdl 64] Double Attack. Accuracy: White = 64%, Black = 33%.} 1-0

[Event "Charlotte Open 2020"]
[Site "Charlotte"]
[Date "2020.01.06"]
[Round "9.9"]
[White "Sarkar, Justin"]
[Black "Petesch, Gabriel"]
[Result "1-0"]
[WhiteElo "2385"]
[BlackElo "2302"]
[Annotator "TA"]
[PlyCount "85"]
[EventDate "2020.01.02"]
[EventType "swiss"]
[EventCountry "USA"]
[SourceTitle "playchess.com"]
[Source "ChessBase"]
[SourceQuality "1"]

{[%evp 22,85,77,63,62,62,59,12,29,21,16,18,146,151,162,14,197,196,309,82,83,88,91,82,89,89,97,94,64,78,68,39,38,37,208,214,240,244,224,226,260,261,240,238,430,440,470,471,5809,5822,5269,1340,1262,1035,880,571,29974,29975,29973,29967,29971,29970,29979,29980,29989,29990]} 1. e4 e5 2. Nf3 Nc6 3. Bb5 a6 4. Ba4 Nf6 5. O-O b5 6. Bb3 Nxe4 7. d4 d5 8. dxe5 Be6 9. c3 Be7 10. Nbd2 Nc5 11. Bc2 O-O 12. Nb3 Nxb3 {C83: Open Ruy Lopez: 9 c3 Be7} 13. axb3 Qd7 (13... Bg4 14. Re1 Qd7 15. Qd3 g6 16. Bh6 Rfe8 17. Nd4 Bc5 18. Nxc6 Qxc6 19. b4 Be7 20. Qg3 {1-0 (28) Corrales Jimenez,F (2559)-Orlov,G (2466) chess.com INT 2019}) 14. Nd4 Nxd4 {The position is equal.} 15. cxd4 c5 16. dxc5 $40 {[%mdl 128] White mounts an attack.} Qc7 (16... Bxc5 $11 17. Bxh7+ {[%mdl 64] Decoy} Kxh7 18. Qc2+ {[%mdl 64] Double Attack} Kg8 19. Qxc5 d4) 17. b4 a5 $146 ({Predecessor:} 17... Qxe5 18. f4 Qf6 19. f5 Bd7 20. Be3 {½-½ (75) Saladen Dulce,R (2207)-Rios Parra,A (2344) Ibague 2013}) 18. f4 (18. Be3 $18) 18... f5 $2 (18... axb4 $11 {and Black has nothing to worry.} 19. Rxa8 Rxa8) 19. Be3 $18 axb4 {[#]} (19... Qc6 {was called for.} 20. Qd4 (20. bxa5 Bxc5 21. Bxc5 Qxc5+ 22. Kh1 Rfc8 $18) (20. Rxa5 Rxa5 21. bxa5 Bxc5 $16) 20... axb4 21. Rxa8 Rxa8) 20. Qd4 $2 (20. Bxf5 $1 $18 {[%mdl 512]} Qd7 (20... Bxf5 21. Qxd5+) 21. Bxe6+ Qxe6 22. Rxa8 Rxa8 23. Qd4) 20... Rxa1 21. Rxa1 Bxc5 22. Qxc5 Qxc5 23. Bxc5 Rc8 24. Bb3 Rxc5 $16 {[%mdl 4096] Endgame KRB-KRB} 25. Kf2 Rc7 26. Ke2 {[%mdl 1024] White has compensation.} Kf7 27. Kd3 h6 $2 (27... g5 $14) 28. Kd4 $18 Ke7 29. g3 g5 30. Ra5 gxf4 31. gxf4 Rb7 32. Ra6 {Hoping for Rxe6+!} ({Weaker is} 32. Bxd5 Bxd5 33. Kxd5 Rd7+ 34. Kc5 Rd2 $16) 32... Rc7 $2 (32... Rd7 33. Rb6 Rc7 34. Rxb5 h5) 33. Bxd5 Bxd5 34. Kxd5 {KR-KR} Rc2 {[#]} (34... h5 $142 35. b3 h4 36. Re6+ Kd7 37. Rd6+ Ke7 38. Re6+ Kf7 39. Rf6+ Ke7 40. Rxf5 Rd7+ 41. Ke4 Rd2) 35. Ra7+ $1 Kd8 36. b3 (36. e6 $142 b3 37. Ke5 Rxb2 38. Kf6) 36... Rc3 37. Ke6 Rxb3 38. Kf7 {And now e6 would win.} Re3 39. e6 {White mates.} b3 40. Rb7 Kc8 41. Rxb5 Kc7 42. e7 Kd7 43. Re5 {Accuracy: White = 62%, Black = 41%.} 1-0